00626 2200241 4500001002100000005001500021035002000036007000300056008004100059020002200100082000800122084001400130100002200144245006800166250001000234260003300244300002300277700000900300650002700309504002600336990001100362990001100373INLIS00000000000775520210329020315 a0010-0321001125ta210329 g 0 ind  a978-602-407-446-3 a150 a150 GRE s0 aYOUNG, Gregory G.1 aSeni Membaca Kepribadian Orang /cGregory G. Young; editor Novi acet.1 aYogyakarta :bLaksana,c2018 a159 hal. ;c20 cm.0 aNOVI 4aPSIKOLOGI, KEPRIBADIAN aBibliografi: hal. 159 a8032 a a8032 b